000 00922cad a2200181 4500
001 ##L133265
008 101112n 000 0 eng u
035 _a(Sirsi) u133265
041 0 _aeng
050 0 4 _a346.4104342 $2 18
110 2 _aAssociation of Residential Letting Agents
_93020
245 0 0 _aAssociation of Residential Letting Agents
_h[electronic resource]
520 _aAssociation of Residential Lettings Agents (ARLA) formed in 1981 as the professional and regulatory body for letting agents in the UK. Produces a quarterly review of residential investment in the UK aimed at the buy-to-let market together with information fact sheets for tenants and landlords.
650 2 4 _aARLA QUARTERLY REVIEW AND INDEX FOR RESIDENTIAL INVESTMENT
690 0 0 _aPROPERTY-RESIDENTIAL PROPERTY-RESIDENTIAL PROPERTY MARKET
856 _uhttps://www.arla.co.uk
_zView the ARLA WEBSITE at www.arla.co.uk...
942 _n0
999 _c120481
_d120481